Anatomía, fisiología e higiene del hombre : (Record no. 2881)

MARC details
000 -CABECERA
campo de control de longitud fija 00636nam a2200181 a 4500
005 - FECHA Y HORA DE LA ÚLTIMA TRANSACCIÓN
campo de control 20260206064034.0
008 - ELEMENTOS DE LONGITUD FIJA--INFORMACIÓN GENERAL
campo de control de longitud fija 991125s1980 cu 000 0 spa u
035 ## - NÚMERO DE CONTROL DEL SISTEMA
Número de control de sistema UPN01000002881
049 ## - COLECCIÓN
Colección LT
050 #4 - SIGNATURA TOPOGRÁFICA DE LA BIBLIOTECA DEL CONGRESO
Número de clasificación LB1651
Número de documento/Ítem C9.309 1980p
245 00 - MENCIÓN DE TÍTULO
Título Anatomía, fisiología e higiene del hombre :
Resto del título noveno grado : programa.
260 ## - PUBLICACIÓN, DISTRIBUCIÓN, ETC.
Lugar de publicación, distribución, etc. La Habana :
Nombre del editor, distribuidor, etc. Ministerio de Educación :
-- Pueblo y Educación,
Fecha de publicación, distribución, etc. 1980.
300 ## - DESCRIPCIÓN FÍSICA
Extensión 32 p.
650 #4 - ASIENTO SECUNDARIO DE MATERIA - TERMINO TEMATICO
Término de materia o nombre geográfico como elemento de entrada Anatomía
Subdivisión general Estudio y enseñanza (Secundaria)
9 (RLIN) 575
650 #4 - ASIENTO SECUNDARIO DE MATERIA - TERMINO TEMATICO
Término de materia o nombre geográfico como elemento de entrada Fisiología
Subdivisión general Estudio y enseñanza (Secundaria)
9 (RLIN) 20840
650 #4 - ASIENTO SECUNDARIO DE MATERIA - TERMINO TEMATICO
Término de materia o nombre geográfico como elemento de entrada HIGIENE -
Subdivisión general ESTUDIO Y ENSEÑANZA (SECUNDARIA)
905 ## - TIPO DE MATERIAL
Tipo de material Libro
Holdings
Estado de retiro Estado de pérdida Fuente del sistema de clasificación o colocación Estado dañado No para préstamo Código de colección Localización permanente Ubicación/localización actual Ubicación en estantería Total de préstamos Clasificación Código de barras Fecha visto por última vez Número de copia Tipo de ítem Koha
    Library of Congress Classification   Coleccion LT Libros de texto Bib. Gregorio Torres Quintero Bib. Gregorio Torres Quintero Libros de Texto   LB1651 C9.309 1980p 17880F 31/12/2020 1 Libro